| 000 | 00696nam a22001817a 4500 | ||
|---|---|---|---|
| 999 |
_c186514 _d186514 |
||
| 005 | 20220308121231.0 | ||
| 010 | _aENG-131873 | ||
| 020 |
_a9789389253757 _c450.00 |
||
| 035 | _aEN-115405 | ||
| 037 | _bDBAD/PUB | ||
| 082 |
_a954.790533 _b1 |
||
| 100 | _aMody ,Priyam Gandhi | ||
| 245 |
_aTranding Power : _bThe inside story of how the people's mandate was betrayed in the 2019 maharashtra election/ _cMody, Priyam Gandhi |
||
| 260 |
_bHachette book Publishing India pvt. Ltd _aGurugram _c2020 |
||
| 270 |
_a4th &5th Floors, Corporate Center plot no. 94 Sector 44, _bGurugram _e122003 |
||
| 300 |
_aXIX,221p. _c20cm(Pbk) _bAcknowledgments |
||
| 942 |
_2ddc _cEN _h954.790533 _mMOD |
||